000 00382nam a2200169Ia 4500
001 23133
003 IN-NITTTR
005 20251114233300.0
008 251113s9999||||xx |||||||||||||| ||eng||
040 _beng
040 _cIN-NITTTR
041 _aeng
082 _a621.4025 Y1T
100 _aYadav, R.
245 0 _aThermodynamics & heat engines /
_cYadav, R.
942 _2ddc
_cBK
999 _c25762
_d25762